[Event "Les Diablerets Open d'été"]
[Site "Hotel Les Sources, CH-1865 Les"]
[Date "2015.07.05"]
[Round "5.4"]
[White "Cirrincione, Paze` Paolo"]
[Black "Trivic, Zoran"]
[Result "1-0"]
[WhiteElo "1884"]
[BlackElo "1534"]
[PlyCount "111"]
[EventDate "2015.07.03"]

1. d4 d5 2. Bf4 Bf5 3. c4 e6 4. Qb3 b6 5. Nc3 c6 6. cxd5 exd5 7. Nf3 Bd6 8.
Bxd6 Qxd6 9. e3 Nd7 10. Be2 Ngf6 11. Rc1 Rc8 12. O-O O-O 13. a3 Rfe8 14. Ba6
Rc7 15. Ne2 Ne4 16. Ng3 Bg6 17. Nxe4 Bxe4 18. Nd2 Nf6 19. Rfe1 Rce7 20. Bd3 Re6
21. f3 Bxd3 22. Qxd3 Nh5 23. Nf1 Nf4 24. Qd2 Ng6 25. Rc3 Ne7 26. Rec1 Rc8 27.
b4 Qd7 28. Ng3 f5 29. Qc2 g6 30. Ne2 g5 31. g3 Rg6 32. f4 g4 33. Re1 b5 34. Nc1
Rf6 35. Nd3 Ng6 36. a4 a6 37. Nc5 Qa7 38. Ra1 h5 39. Rca3 Ne7 40. Qa2 Rc7 41.
axb5 cxb5 42. Rxa6 Rxa6 43. Qxa6 Qb8 44. Ra5 Rc6 45. Rxb5 Qe8 46. Rb6 Nc8 47.
Rxc6 Qxe3+ 48. Kf1 Qc1+ 49. Ke2 Qc2+ 50. Ke3 Qc1+ 51. Kd3 Qb1+ 52. Kc3 Qc1+ 53.
Kb3 Qd1+ 54. Ka2 Qc2+ 55. Ka3 Qc3+ 56. Nb3 1-0

[Event "Les Diablerets Open d'été"]
[Site "Hotel Les Sources, CH-1865 Les"]
[Date "2015.07.05"]
[Round "5.5"]
[White "Zahner, Rolf"]
[Black "Buffat, Pierre-André"]
[Result "0-1"]
[WhiteElo "1589"]
[BlackElo "1744"]
[PlyCount "37"]
[EventDate "2015.07.03"]

1. e4 e5 2. Bc4 Nf6 3. d3 c6 4. a4 d5 5. exd5 cxd5 6. Bb5+ Nc6 7. Nf3 Bd6 8.
O-O O-O 9. Qd2 Bg4 10. Ne1 Qc7 11. f3 Bh5 12. g3 Nd4 13. Na3 a6 14. Bc4 dxc4
15. Nxc4 Bc5 16. Kh1 b5 17. axb5 axb5 18. Rxa8 Rxa8 19. Na3 0-1

[Event "Les Diablerets Open d'été"]
[Site "Hotel Les Sources, CH-1865 Les"]
[Date "2015.07.05"]
[Round "5.6"]
[White "Cirrincione, Giansalvo"]
[Black "Berger, Guillaume"]
[Result "1-0"]
[WhiteElo "1818"]
[BlackElo "1656"]
[PlyCount "105"]
[EventDate "2015.07.03"]

1. d4 Nf6 2. Bf4 d5 3. e3 Bf5 4. c4 c6 5. Nc3 e6 6. Qb3 Qb6 7. c5 Qxb3 8. axb3
Nbd7 9. h3 Be7 10. b4 O-O 11. b5 Rfc8 12. bxc6 Rxc6 13. Nf3 Rcc8 14. Be2 a6 15.
O-O Bd8 16. b4 b5 17. Ra3 Ne4 18. Nxe4 dxe4 19. Ne1 e5 20. dxe5 Bc7 21. e6 Bxe6
22. Bxc7 Rxc7 23. Bxb5 Rb8 24. Bxd7 Bxd7 25. Nc2 Bb5 26. Rd1 Bd3 27. Rd2 Kf8
28. Ra4 Bb5 29. Ra5 Bd3 30. Ne1 Rxb4 31. Nxd3 exd3 32. Rxd3 Rb1+ 33. Kh2 Rb5
34. Rxa6 Rbxc5 35. Rad6 Ke7 36. g4 Rc2 37. Kg3 R2c6 38. Rxc6 Rxc6 39. Ra3 Rc7
40. Ra6 h6 41. h4 Rc1 42. h5 Rg1+ 43. Kf4 Rg2 44. f3 Rg1 45. e4 Rb1 46. Ra5 Rh1
47. Kf5 Rh3 48. f4 Rh4 49. Ra7+ Kf8 50. e5 Ke8 51. e6 Rh1 52. exf7+ Kf8 53. Kg6
1-0